|
|
|
|
| LEADER |
00000nab#a22000007a#4500 |
| 001 |
arbauad032658 |
| 003 |
AR-BaUAD |
| 005 |
20250711112629.0 |
| 008 |
980820|||||||||###||||||b###|0###a|spa|| |
| 040 |
|
|
|a AR-BaUAD
|c AR-BaUAD
|b spa
|
| 100 |
|
|
|a Díaz, Carlos
|
| 245 |
|
|
|a 12 Dibujantes para el siglo XXI /
|c Carlos Díaz;
|
| 300 |
0 |
|
|b il.
|
| 653 |
|
|
|a DISEÑO GRAFICO
|
| 653 |
|
|
|a ESPAÑA
|
| 653 |
|
|
|a ILUSTRACIONES
|
| 653 |
|
|
|a ILUSTRACION
|
| 653 |
|
|
|a HISTORIETAS
|
| 653 |
|
|
|a COMICS
|
| 653 |
|
|
|a ILUSTRADORES
|
| 653 |
|
|
|a BERNET, JORDI
|
| 653 |
|
|
|a BOLDU, RAMON
|
| 653 |
|
|
|a BROCAL, PEP
|
| 653 |
|
|
|a CIFRE, GUILLEN
|
| 653 |
|
|
|a GALLARDO, MIGUEL
|
| 653 |
|
|
|a DE FELIPE, FERNANDO
|
| 653 |
|
|
|a AUBERT, JOAQUIN
|
| 653 |
|
|
|a JOAN, PERE
|
| 653 |
|
|
|a CAPDEVILA, FRANCESC
|
| 653 |
|
|
|a PELLEJERO, RUBEN
|
| 653 |
|
|
|a NAZARIO
|
| 653 |
|
|
|a SEGUI, BARTOLOME
|
| 773 |
0 |
|
|t VISUAL
|g año 10, no. 72 [1998], p. 93-104
|
| 942 |
|
|
|c ARTI
|
| 952 |
|
|
|0 0
|1 0
|4 0
|7 0
|9 77577
|a AR-BAuAD
|b AR-BAuAD
|d 2025-07-11
|l 0
|p AAQA032658
|r 2025-07-11 11:26:29
|w 2025-07-11
|y ARTI
|
| 990 |
|
|
|a DG199
|b TD
|
| 998 |
|
|
|a AAQ
|b BIBUN76
|
| 999 |
|
|
|c 57250
|d 57250
|